| 000 | 02208nam a2200457 c 4500 | ||
|---|---|---|---|
| 999 |
_c175277 _d175277 |
||
| 003 | BLK | ||
| 005 | 20230406100745.0 | ||
| 008 | 180411b bul|||||r ||||||| ||bul|| | ||
| 010 | _aKNG00183818000 | ||
| 020 | _a978-954-378-122-5 | ||
| 040 | _aBLK | ||
| 041 |
_aBUL _cBUL _hENG _hRUS |
||
| 072 | 7 |
_2bullib _aН92 _xИстория Н |
|
| 080 |
_aПериод на феодализма в българските земи (VII век -I пол. на XVIII век) _b94(497.2)"06/17" _z94(497.2)"06/17" |
||
| 080 |
_aИсторическа наука. Помощни исторически науки _b930 _x(470) _z930(470) |
||
| 080 |
_aБългарска литература _b821.163.2 _x.09 _z821.163.2.09 |
||
| 080 |
_aРуска литература _b821.161.1 _x.09 _z821.161.1.09 |
||
| 100 | 1 |
_aМихайлов, Камен Василев _eпърви автор _9380790 |
|
| 139 |
_aМихайлов, Камен Василев _bМ 74 |
||
| 245 | 1 | 0 |
_aБългарски/булгарски образи в рускоезична среда _cКамен Василев Михайлов. |
| 257 | _aBGR | ||
| 260 |
_bТангра ТанНакРа _c2014 _fКостинброд : Мултипринт |
||
| 300 |
_a740, XVI с. _bс ил., факс. _c24 см |
||
| 380 | _a9 | ||
| 500 | _aБиблиогр.: с. 664-681. - Рез. на англ., рус. ез. - Именен показалец | ||
| 650 | 4 |
_aИсториография, българска _9253899 |
|
| 650 | 4 |
_aИсториография, руска _9340079 |
|
| 650 | 4 |
_aБългарска литература - връзка и взаимодействие с други литератури _9287334 |
|
| 650 | 4 |
_aРуска литература - теми, образи, сюжети _9251651 |
|
| 651 | 4 |
_aБългария _9241624 |
|
| 651 | 4 |
_aРусия _9179465 |
|
| 653 | _aисториография | ||
| 653 | _aлитературни теми | ||
| 653 | _aвзаимодействие | ||
| 659 | _aН | ||
| 852 | _aЦб 277551 | ||
| 856 | 4 | _qpdf | |
| 856 | 4 | _qpdf | |
| 942 |
_cKNG _n0 |
||
| 944 |
_aCR _c16.10.2015 _kВиолета_Тройчева |
||
| 944 |
_aED _c02.02.2016 _kГеновева_Генчева |
||
| 999 | _d175277 | ||
| 999 | _d175277 | ||